|
|
|
|
| LEADER |
01160nam a2200313 a 4500 |
| 001 |
41877 |
| 003 |
BD-DhAAL |
| 005 |
20231012104629.0 |
| 008 |
231012t1995 ilua 001 0 eng d |
| 010 |
|
|
|a 93086239
|
| 020 |
|
|
|a 0844256307
|
| 020 |
|
|
|a 9780844256306
|
| 040 |
|
|
|a DLC
|c DLC
|d DLC
|d BD-DhAAL
|
| 050 |
0 |
0 |
|a PN4121
|b .C242 1995
|
| 082 |
0 |
0 |
|a 808.51
|2 20
|
| 100 |
1 |
|
|a Carlin, Diana B.,
|d 1950-
|9 55713
|
| 245 |
1 |
0 |
|a Public speaking today /
|c Diana Carlin and James Payne.
|
| 250 |
|
|
|a Second edition.
|
| 260 |
|
|
|a Lincolnwood, Ill., USA :
|b National Textbook Co.,
|c c1995.
|
| 300 |
|
|
|a xv, 463 pages :
|b illustrations (some colors) ;
|c 24 cm.
|
| 500 |
|
|
|a Includes index.
|
| 526 |
|
|
|a BIED
|
| 541 |
|
|
|a Complimentary copy from BIED
|e 41877
|
| 650 |
|
0 |
|a Public speaking.
|
| 700 |
1 |
|
|a Payne, James,
|d 1950-
|9 55714
|
| 852 |
|
|
|a Ayesha Abed Library
|c BIED Collection
|
| 942 |
|
|
|2 ddc
|c BK
|
| 999 |
|
|
|c 46230
|d 46230
|
| 952 |
|
|
|0 0
|1 0
|2 ddc
|4 0
|6 808_510000000000000_CAR
|7 0
|9 74573
|a BRACUL
|b BRACUL
|c GEN
|d 2023-10-12
|e Complimentary copy from BIED
|l 3
|m 67
|o 808.51 CAR
|p 3010041877
|r 2025-08-24
|s 2025-06-25
|t 1
|w 2023-10-12
|y BK
|x Transferred from BIED to General Stacks
|